00492nam a22001577a 450000500170000001000150001702000260003203500140005803700090007208200080008110000200008924500870010926000640019627000540026030000200031420260204122337.0 aENG-147736 a9789347764783c450.00 aEN-131267 bDBAD a500 aRamakrishna, G. aA Primer of the Rigveda :cby G. Ramakrishna bScience and society in the making / aBengalurubNavakarnataka Publications Private Limitedc2025 aEmbassy Center, Crescent Road bBengalurue560001 a376p.b21cm(PB)